Biggest Asian "L" Cities by Picture - Statistics

General Stats
  • This quiz has been taken 84 times
  • The average score is 4 of 16
Answer Stats
Picture Hint Answer % Correct
🇵🇰 11,120,000 Lāhore
96%
🇮🇳 2,900,000 Lucknow
58%
🇨🇳 3,010,000 Lánzhōu
45%
🇨🇳 2,740,000 Línyí
32%
🇨🇳 2,230,000 Luòyáng
30%
🇨🇳 1,130,000 Lúzhōu
28%
🇮🇳 1,620,000 Ludhiāna
22%
🇨🇳 2,200,000 Liǔzhōu
21%
🇨🇳 760,000 Liáoyáng
16%
🇨🇳 1,070,000 Lù'ān
14%
🇨🇳 800,000 Lèshān
12%
🇨🇳 1,070,000 Liányúngǎng
12%
🇨🇳 890,000 Liúyáng
8%
🇨🇳 1,020,000 Liáochéng
4%
🇨🇳 810,000 Luòhé
4%
🇨🇳 890,000 Lángfāng
3%
No matching quizzes found
Score Distribution
Percent of People with Each Score
Percentile by Number Answered
Your Score History
You have not taken this quiz